000 00404nam a22001697a 4500
005 20160623162504.0
008 160623b xxu||||| |||| 00| 0 eng d
020 _a0-06-095-643-7
041 _aeng
082 _b9645
100 _aRoman, Kenneth and Raphaelson, Joel
_92605
245 _aWriting that works
260 _bRupa & Co.
_c2004
300 _a193
650 _aManagement
_9241
942 _cBK
999 _c3718
_d3717